Statistiken für Die 10 größten Seen Deutschlands

Klicken Sie hier um das Quiz zu spielen!

Allgemein

  • Dieses Quiz wurde 489 mal gespielt
  • Das Durchschnittsergebnis liegt bei 4 aus 10

Antwortstatistiken

#Fläche km²See% Korrekt
1536,00Bodensee
99%
379,90Chiemsee
81%
2112,60Müritz
63%
556,36Starnberger See
49%
646,60Ammersee
37%
929,10Steinhuder Meer
35%
461,54Schweriner See
17%
1028,40Großer Plöner See
11%
738,40Plauer See
11%
832,55Kummerower See
5%

Verteilung der Resultate

Perzentil nach korrekt beantworteten Fragen

Anzahl Personen mit jedem Resultat

Ihre Resultats-Entwicklung

Sie haben dieses Quiz noch nicht gespielt